Music Quiz

Random Music or Bands Quiz

Alternative Anthems Quiz Stats

Quiz not verified by Sporcle

Challenge
Share
Tweet
Embed
Score 0/17 Timer 07:00
0 Plays Today
Album Single % Correct
NevermindSmells Like Teen Spirit
91.5%
Pablo HoneyCreep
76.6%
DookieLongview
68.1%
Dizzy Up the GirlIris
63.8%
Enema of the StateWhat's my age again?
59.6%
Feeling Strangely FineClosing Time
59.6%
Third-Eye BlindSemi-Charmed Life
55.3%
All Killer No FillerFat Lip
48.9%
SublimeWhat I Got
46.8%
Album Single % Correct
The Green AlbumHash Pipe
44.7%
The Young and the HopelessLifestyles of the Rich and Famous
29.8%
The Blue AlbumUndone (the sweater song)
25.5%
NimrodHitchin' a Ride
25.5%
Yourself or Someone Like YouLong Day
21.3%
The Madding CrowdAbsolutely (Story of a Girl)
14.9%
Take It All AwayOn The Way Down
10.6%
(What's The Story) Morning Glory?Some Might Say
10.6%

You're not logged in!

Compare scores with friends on all Sporcle quizzes.
Sign Up with Email
OR
Log In

You Might Also Like...

Show Comments

Extras

Top Quizzes Today


Score Distribution

Your Account Isn't Verified!

In order to create a playlist on Sporcle, you need to verify the email address you used during registration. Go to your Sporcle Settings to finish the process.